000 00308nam a2200145Ia 4500
100 _aSingh/ Kirpal
490 _v1
942 _cBK
654 _aengineering
245 _aAutomobile engineering
260 _bStandard Publication
_aDelhi
_c1982
082 _a629.24
300 _a594
546 _aENGLISH
999 _c25589
_d25589